Catalog

Record Details

Catalog Search



Available copies

  • 2 of 2 copies available at LARL/NWRL Consortium.

Current holds

0 current holds with 2 total copies.

Show Only Available Copies
Location Call Number / Copy Notes Barcode Shelving Location Status Due Date
Greenbush Public Library j ABB (Text) 35500004746937 Main Available -
Hallock Public Library j ABB (Text) 35500004676068 Main Available -

Record details

  • ISBN: 9780545034326
  • Physical Description: 162 p. ; 20 cm.
  • Publisher: New York : Scholastic, 2009.
Subject: Supernatural > Fiction.
Horror stories.
Louisiana > Fiction.
LDR 00881cam a2200253 a 4500
001118111
003LARL_NWRL_CONSORTIUM
00520100406165825.0
008100406s2009 nyu c 000 1 eng
020 . ‡a9780545034326
042 . ‡alcac
08200. ‡a[Fic] ‡222
1001 . ‡aAbbott, Tony. ‡0(LARL_NWRL_CONSORTIUM)112096
24514. ‡aThe ghost road ‡n#4 / ‡cTony Abbott.
260 . ‡aNew York : ‡bScholastic, ‡c2009.
300 . ‡a162 p. ; ‡c20 cm.
4900 . ‡aHaunting of Derek Stone ; ‡v#4
650 1. ‡aSupernatural ‡vFiction. ‡0(LARL_NWRL_CONSORTIUM)167353
650 1. ‡aHorror stories. ‡0(LARL_NWRL_CONSORTIUM)176036
651 1. ‡aLouisiana ‡vFiction. ‡0(LARL_NWRL_CONSORTIUM)165962
901 . ‡a118111 ‡bISxN ‡c118111 ‡tbiblio

Additional Resources